Tramwaje Śląskie - Linia T27 - Statystyki

Ogólne statystyki
  • Ten quiz został rozwiązany 4 razy
  • Średni wynik to 24 z 38
Statystyki odpowiedzi
Przystanek % Poprawnych
Kazimierz Górniczy Pętla
100%
Klimontów Basen
100%
Klimontów Policja
100%
Nowak-Mosty Będzin Arena
100%
Osiedle Zamkowe Zajezdnia
100%
Porąbka Dworzec PKP
100%
Będzin Rondo
75%
Dandówka Cmentarz
75%
Dandówka Skrzyżowanie
75%
Klimontów Kolonia Pstrowskiego
75%
Pogoń Akademiki
75%
Porąbka Pekińska
75%
Sosnowiec Dęblińska
75%
Sosnowiec Dworzec PKP
75%
Sosnowiec Rondo Ludwik
75%
Będzin Cmentarz Komunalny
50%
Będzin Krasickiego
50%
Będzin Muzeum
50%
Będzin Partyzantów
50%
Będzin Słowiańska
50%
Będzin Szybowa
50%
Dandówka Klonowa
50%
Dębowa Góra Tabelna
50%
Dębowa Góra Zakopiańska
50%
Klimontów Hospicjum
50%
Klimontów Makuszyńskiego
50%
Osiedle Zamkowe Jasielska
50%
Pogoń Kościół
50%
Pogoń Mariacka
50%
Pogoń Rybna
50%
Porąbka Łukasiewicza
50%
Porąbka Wiejska
50%
Sielec Park
50%
Sosnowiec Estakada
50%
Sosnowiec Osiedle Wanda
50%
Sosnowiec Ostrogórska
50%
Sosnowiec Sąd
50%
Sosnowiec Wspólna
50%
Nie znaleziono quizów pasujących do podanych kryteriów
Rozkład punktacji
Procent ludzi z każdym wynikiem
Percentyl według liczby udzielonych odpowiedzi
Twoja historia wyników
Nie rozwiązałeś tego quizu